Catalog

Record Details

Catalog Search



Available copies

  • 2 of 2 copies available at LARL/NWRL Consortium. (Show)
  • 1 of 1 copy available at Northwest Regional Library.

Current holds

0 current holds with 2 total copies.

Show Only Available Copies
Location Call Number / Copy Notes Barcode Shelving Location Status Due Date
Roseau Public Library ya HOC (Text) 35500005293319 Main Available -

Record details

  • ISBN: 9781250008114 (hardback)
  • ISBN: 1250008115 (hardback)
  • Physical Description: pages cm.
  • Edition: First St. Martin's Griffin edition.
  • Publisher: New York : St. Martin's Griffin, 2013.

Content descriptions

Summary, etc.:
With Penn and Lexi determined to kill Gemma and ... Read More
Subject: Sirens (Mythology) > Fiction.
Supernatural > Fiction.
Sisters > Fiction.
Love > Fiction.
Blessing and cursing > Fiction.
Seaside resorts > Fiction.
JUVENILE FICTION / Fantasy & Magic.
LDR 02216nam a22004938i 4500
001151362
003LARL_NWRL_CONSORTIUM
00520130412160319.0
008130327s2013 nyu d 000 1 eng
020 . ‡a9781250008114 (hardback)
020 . ‡a1250008115 (hardback)
020 . ‡z9781429956567 (e-book)
035 . ‡a(OCoLC)835951277
042 . ‡apcc ‡alcac
08200. ‡a[Fic] ‡223
084 . ‡aJUV037000 ‡2bisacsh
1001 . ‡aHocking, Amanda. ‡0(LARL_NWRL_CONSORTIUM)220983
24510. ‡aTidal ‡n#3 / ‡cAmanda Hocking.
250 . ‡aFirst St. Martin's Griffin edition.
260 . ‡aNew York : ‡bSt. Martin's Griffin, ‡c2013.
300 . ‡apages cm.
4900 . ‡aWatersong ; ‡v3
520 . ‡aWith Penn and Lexi determined to kill Gemma and replace her with another siren, Gemma, aided by Harper and Daniel, must delve into her enemies' mythical past and darkest secrets in a last-ditch effort to protect all that she holds dear.
650 1. ‡aSirens (Mythology) ‡vFiction.
650 1. ‡aSupernatural ‡vFiction. ‡0(LARL_NWRL_CONSORTIUM)167353
650 1. ‡aSisters ‡vFiction. ‡0(LARL_NWRL_CONSORTIUM)167281
650 1. ‡aLove ‡vFiction. ‡0(LARL_NWRL_CONSORTIUM)176088
650 1. ‡aBlessing and cursing ‡vFiction. ‡0(LARL_NWRL_CONSORTIUM)163718
650 1. ‡aSeaside resorts ‡vFiction. ‡0(LARL_NWRL_CONSORTIUM)167206
650 7. ‡aJUVENILE FICTION / Fantasy & Magic. ‡2bisacsh
901 . ‡a151362 ‡bOCLC ‡c151362 ‡tbiblio

Additional Resources